<?xml version="1.0" encoding="UTF-8"?>
<record
    xmlns:xsi="http://www.w3.org/2001/XMLSchema-instance"
    xsi:schemaLocation="http://www.loc.gov/MARC21/slim http://www.loc.gov/standards/marcxml/schema/MARC21slim.xsd"
    xmlns="http://www.loc.gov/MARC21/slim">

  <leader>04289nam a22002777a 4500</leader>
  <controlfield tag="003">DO-SdBNP</controlfield>
  <controlfield tag="005">20241009115417.0</controlfield>
  <controlfield tag="007">ta</controlfield>
  <controlfield tag="008">221102b2022    dr a|||| |||| 00| 0 spa d</controlfield>
  <datafield tag="020" ind1=" " ind2=" ">
    <subfield code="a">9789945180732</subfield>
  </datafield>
  <datafield tag="040" ind1=" " ind2=" ">
    <subfield code="a">DO-SdBNP</subfield>
    <subfield code="b">spa</subfield>
    <subfield code="c">BNPHU</subfield>
  </datafield>
  <datafield tag="082" ind1=" " ind2="4">
    <subfield code="a">RD864.44</subfield>
    <subfield code="b">M874pa</subfield>
    <subfield code="2">22</subfield>
  </datafield>
  <datafield tag="100" ind1=" " ind2=" ">
    <subfield code="9">77409</subfield>
    <subfield code="a">Morrison Fortunato, Heriberto</subfield>
  </datafield>
  <datafield tag="245" ind1="1" ind2="0">
    <subfield code="a">Pasi&#xF3;n compartida deporte y literatura /</subfield>
    <subfield code="c">Heriberto Morrison</subfield>
  </datafield>
  <datafield tag="260" ind1=" " ind2=" ">
    <subfield code="a">Santo Domingo :</subfield>
    <subfield code="b">B&#xFA;ho,</subfield>
    <subfield code="c">2022.</subfield>
  </datafield>
  <datafield tag="300" ind1=" " ind2=" ">
    <subfield code="a">249 p. :</subfield>
    <subfield code="b">il. ;</subfield>
    <subfield code="c">23 cm.</subfield>
  </datafield>
  <datafield tag="500" ind1=" " ind2=" ">
    <subfield code="a">Incluye datos biogr&#xE1;ficos del autor en las solapas</subfield>
  </datafield>
  <datafield tag="504" ind1=" " ind2=" ">
    <subfield code="a">Bibliograf&#xED;a : p. 247 </subfield>
  </datafield>
  <datafield tag="505" ind1=" " ind2=" ">
    <subfield code="a">Dedicatoria 13 -- Agradecimientos 15 -- Introducci&#xF3;n necesaria 17 -- En torno al v&#xED;nculo hist&#xF3;rico entre el deporte y la literatura 25 -- Homero, autor de la primera cr&#xF3;nica deportiva 35 -- El cantar de Mio Cid, primer texto narrativo de la literatura espa&#xF1;ola que utiliz&#xF3; el vocablo deporte 39 -- El deporte en la producci&#xF3;n literaria de Cervantes 43 -- &#xB4;&#xB4;Ajedrez&#xB4;&#xB4;, un poema de Jorge Luis Borges 47 -- Ernesto S&#xE1;bato, sus escritos y pasi&#xF3;n por el f&#xFA;tbol 51 -- &#xB4;&#xB4;Oda a la bicicleta&#xB4;&#xB4; de Pablo Neruda 55 -- &#xB4;&#xB4;El deporte es Cultura&#xB4;&#xB4;, ensayo de Alejo Carpentier 59 -- Vicente Aleixandre: poema sobre el patinaje y la vida 63 -- Ernest Hemingway: &#xB4;&#xB4;mi escritura no es nada, mi boxeo lo es todo&#xB4;&#xB4; 67 -- El origen deportivo del estado: una tesis de Ortega y Gasset 71 -- James Joyce, inserta el tema deportivo en Ulises 73 -- Las &#xB4;&#xB4;Desmesuras deportivas&#xB4;&#xB4; de L&#xE1;zaro Carreter 77 -- Julio Cort&#xE1;zar: fascinaci&#xF3;n por el &#xB4;&#xB4;Noble arte&#xB4;&#xB4; 81 -- Novelista Murakami: hace un s&#xED;mil entre los oficios de escribir y correr 85 -- Juan Marichal en el poema de Lawrence Ferlinghetti 87 -- Marcio Veloz Maggiolo: sus textos sobre temas deportivos 91 -- &#xB4;&#xB4;Ahora que vuelvo, Ton&#xB4;&#xB4; de Ren&#xE9; del Risco y el tema deportivo 95 -- &#xB4;&#xB4;El salto&#xB4;&#xB4;, de Le&#xF3;n Felipe 101 -- Juan Bosch se refiri&#xF3; a la filosof&#xED;a del deporte y su finalidad humana 105 -- Canci&#xF3;n de Bob Dylan a &#xB4;&#xB4;Hurac&#xE1;n&#xB4;&#xB4; Carter 109 -- La noche m&#xE1;s larga de Norman Mailer 113 -- &#xB4;&#xB4;P&#xED;o tai&#xB4;&#xB4;, poema de Fern&#xE1;ndez retamar dedicado al b&#xE9;isbol cubano 117 -- V&#xE1;zquez Montalb&#xE1;n: sus textos sobre tem&#xE1;tica deportiva 121 -- &#xB4;&#xB4;Prosas de un peso Welter&#xB4;&#xB4;: texto de Alexis G&#xF3;mez Rosa 125 -- El f&#xFA;tbol a sol y sombra de Eduardo Galeano 129 -- &#xB4;&#xB4;El centerfielder&#xB4;&#xB4;, un cuento de Sergio Ram&#xED;rez 131 -- Albert Camus: sobre la moral y el f&#xFA;tbol 135 -- John Carlin, Mandela y un partido de rugby 139 -- Kid chocolate a trav&#xE9;s del prisma de Cabrera Infante 143 -- &#xB4;&#xB4;Bella y mar&#xED;tima&#xB4;&#xB4;, poema de Miguel Hern&#xE1;ndez 147 -- Miguel de Unamuno: alpinista y abanderado del aficionismo 151 -- Nicol&#xE1;s Guill&#xE9;n y su eleg&#xED;a &#xB4;&#xB4;Deportes&#xB4;&#xB4; 155 -- &#xB4;&#xB4;Los muchachos del Memphis&#xB4;&#xB4;, un cuento de Pedro Peix 159 -- &#xB4;&#xB4;Balada para Pel&#xE9;&#xB4;&#xB4;, de Horacio Ferrer 163 -- cr&#xF3;nica de Jos&#xE9; Mart&#xED; sobre una pelea de boxeo 167 -- &#xB4;&#xB4;El Atleta&#xB4;&#xB4;, de Rafael Ram&#xED;rez escoto 171 -- Un &#xB4;&#xB4;Trozo de carne&#xB4;&#xB4;, relato de Jack London 173 -- Arthur Conan Doyle, deportista y literato 177 -- &#xB4;&#xB4;Juan Polti, half back&#xB4;&#xB4; de Horacio Quiroga 181 -- Mario Benedetti, sus cuentos sobre el f&#xFA;tbol 185 - C&#xE9;sar Vallejo y su poema sobre el tenista 189 -- &#xB4;&#xB4;Proverbios y cantares&#xB4;&#xB4; de Antonio Machado 193 -- &#xB4;&#xB4;Nadadora de noche&#xB4;&#xB4; de Pedro Salinas 197 -- &#xB4;&#xB4;El patinador&#xB4;&#xB4; y otros escritos de Jean Cocteau 201 -- Un cuento de Mateo Morrison: &#xB4;&#xB4;Entre los brazos de Teresita y Garabato Sachie&#xB4;&#xB4; 205 -- Las &#xB4;&#xB4;Nadadoras&#xB4;&#xB4; de Jorge Guill&#xE9;n 211 -- Enriquillo S&#xE1;nchez, su poema &#xB4;&#xB4;no cejar, ceja&#xB4;&#xB4; 215 -- En torno al primer concurso de cuentos sobre B&#xE9;isbol del Ministerio de Cultura 217 -- El miedo esc&#xE9;nico descrito por Jorge Valdano 223 -- &#xB4;&#xB4;Oda a Platko&#xB4;&#xB4;, exaltaci&#xF3;n de Rafael Alberti a un futbolista 227 -- Felipe Cunil: &#xB4;&#xB4;Drama en dos actos&#xB4;&#xB4; 231 -- Gerardo Diego: sus creaciones sobre deportes 235 -- Segundo Concurso de Cuentos sobre B&#xE9;isbol del Ministerio de Cultura 239 -- Orlando Alba: Lengua y b&#xE9;isbol en la Rep&#xFA;blica Dominicana 243 -- Bibliografia y referencias 247</subfield>
  </datafield>
  <datafield tag="590" ind1=" " ind2=" ">
    <subfield code="a">Inventariado, 2022/BT</subfield>
  </datafield>
  <datafield tag="650" ind1=" " ind2=" ">
    <subfield code="a">Ensayos dominicanos</subfield>
  </datafield>
  <datafield tag="650" ind1=" " ind2=" ">
    <subfield code="a">Deportes</subfield>
    <subfield code="9">36892</subfield>
  </datafield>
  <datafield tag="650" ind1=" " ind2="0">
    <subfield code="a">Literatura</subfield>
    <subfield code="9">3439</subfield>
  </datafield>
  <datafield tag="910" ind1=" " ind2=" ">
    <subfield code="a">Btav&#xE1;rez</subfield>
  </datafield>
  <datafield tag="942" ind1=" " ind2=" ">
    <subfield code="2">ddc</subfield>
    <subfield code="c">LBS1</subfield>
  </datafield>
  <datafield tag="952" ind1=" " ind2=" ">
    <subfield code="0">0</subfield>
    <subfield code="1">0</subfield>
    <subfield code="2">ddc</subfield>
    <subfield code="5">1</subfield>
    <subfield code="7">0</subfield>
    <subfield code="8">PD</subfield>
    <subfield code="a">BNPHU</subfield>
    <subfield code="b">BNPHU</subfield>
    <subfield code="c">CT</subfield>
    <subfield code="d">2022-11-02</subfield>
    <subfield code="e">Dep&#xF3;sito Legal</subfield>
    <subfield code="l">0</subfield>
    <subfield code="p">2022-4732</subfield>
    <subfield code="r">2022-11-02</subfield>
    <subfield code="w">2022-11-02</subfield>
    <subfield code="y">LBS1</subfield>
  </datafield>
  <datafield tag="952" ind1=" " ind2=" ">
    <subfield code="0">0</subfield>
    <subfield code="1">0</subfield>
    <subfield code="2">ddc</subfield>
    <subfield code="5">1</subfield>
    <subfield code="7">0</subfield>
    <subfield code="8">PD</subfield>
    <subfield code="a">BNPHU</subfield>
    <subfield code="b">BNPHU</subfield>
    <subfield code="c">CT</subfield>
    <subfield code="d">2022-11-02</subfield>
    <subfield code="e">Dep&#xF3;sito Legal</subfield>
    <subfield code="p">2022-4733</subfield>
    <subfield code="r">2022-11-02</subfield>
    <subfield code="t">e.2</subfield>
    <subfield code="w">2022-11-02</subfield>
    <subfield code="y">LBS1</subfield>
  </datafield>
  <datafield tag="952" ind1=" " ind2=" ">
    <subfield code="0">0</subfield>
    <subfield code="1">0</subfield>
    <subfield code="2">ddc</subfield>
    <subfield code="5">6</subfield>
    <subfield code="7">0</subfield>
    <subfield code="8">DS</subfield>
    <subfield code="a">BNPHU</subfield>
    <subfield code="b">BNPHU</subfield>
    <subfield code="c">CT</subfield>
    <subfield code="d">2022-11-02</subfield>
    <subfield code="e">Dep&#xF3;sito Legal</subfield>
    <subfield code="p">2022-4734</subfield>
    <subfield code="r">2022-11-02</subfield>
    <subfield code="t">e.3</subfield>
    <subfield code="w">2022-11-02</subfield>
    <subfield code="y">LBS1</subfield>
  </datafield>
  <datafield tag="952" ind1=" " ind2=" ">
    <subfield code="0">0</subfield>
    <subfield code="1">0</subfield>
    <subfield code="2">ddc</subfield>
    <subfield code="5">6</subfield>
    <subfield code="7">0</subfield>
    <subfield code="8">DS</subfield>
    <subfield code="a">BNPHU</subfield>
    <subfield code="b">BNPHU</subfield>
    <subfield code="c">CT</subfield>
    <subfield code="d">2023-01-18</subfield>
    <subfield code="l">0</subfield>
    <subfield code="o">BNPHU DS RD864.44 M874pa</subfield>
    <subfield code="p">2023-0260</subfield>
    <subfield code="r">2023-01-18</subfield>
    <subfield code="t">e.4</subfield>
    <subfield code="w">2023-01-18</subfield>
    <subfield code="y">LBS1</subfield>
  </datafield>
  <datafield tag="952" ind1=" " ind2=" ">
    <subfield code="0">0</subfield>
    <subfield code="1">0</subfield>
    <subfield code="2">ddc</subfield>
    <subfield code="5">6</subfield>
    <subfield code="7">0</subfield>
    <subfield code="8">DS</subfield>
    <subfield code="a">BNPHU</subfield>
    <subfield code="b">BNPHU</subfield>
    <subfield code="c">CT</subfield>
    <subfield code="d">2023-01-18</subfield>
    <subfield code="l">0</subfield>
    <subfield code="o">BNPHU DS RD864.44 M874pa</subfield>
    <subfield code="p">2023-0261</subfield>
    <subfield code="r">2023-01-18</subfield>
    <subfield code="t">e.5</subfield>
    <subfield code="w">2023-01-18</subfield>
    <subfield code="y">LBS1</subfield>
  </datafield>
  <datafield tag="999" ind1=" " ind2=" ">
    <subfield code="c">52728</subfield>
    <subfield code="d">52728</subfield>
  </datafield>
</record>
